آمنة بنت وهب / (رقم التسجيلة. 103918)
[ عرض عادي ]
| 000 -LEADER | |
|---|---|
| fixed length control field | 00701nam a22002057a 4500 |
| 005 - DATE AND TIME OF LATEST TRANSACTION | |
| control field | 20251108173434.0 |
| 008 - FIXED-LENGTH DATA ELEMENTS--GENERAL INFORMATION | |
| fixed length control field | 250721s1998 xx 000 0 ara d |
| 082 14 - DEWEY DECIMAL CLASSIFICATION NUMBER | |
| Classification number | ط/219.4/عرف |
| 100 1# - MAIN ENTRY--PERSONAL NAME | |
| Personal name | أبو عرفة، عبد الرحمن |
| 245 10 - TITLE STATEMENT | |
| Title | آمنة بنت وهب / |
| 264 1# - PRODUCTION, PUBLICATION, DISTRIBUTION, MANUFACTURE, AND COPYRIGHT NOTICE | |
| Place of production, publication, distribution, manufacture | عمان : |
| Name of producer, publisher, distributor, manufacturer | دار الإسراء للنشر والتوزيع، |
| Date of production, publication, distribution, manufacture, or copyright notice | 1998. |
| 300 ## - PHYSICAL DESCRIPTION | |
| Extent | 16ص |
| 490 0# - SERIES STATEMENT | |
| Series statement | سلسة السيرة النبوية الشريفة :طريف الهدي و النور |
| Volume/sequential designation | 3 |
| 650 17 - SUBJECT ADDED ENTRY--TOPICAL TERM | |
| Topical term or geographic name as entry element | السيرة النبوية |
| 650 17 - SUBJECT ADDED ENTRY--TOPICAL TERM | |
| Topical term or geographic name as entry element | آل البيت |
| 653 ## - INDEX TERM--UNCONTROLLED | |
| Uncontrolled term | آمنة بنت وهب |
| 653 ## - INDEX TERM--UNCONTROLLED | |
| Uncontrolled term | مرحله متوسطه (6-9 سنوات ) |
| 942 ## - ADDED ENTRY ELEMENTS (KOHA) | |
| Source of classification or shelving scheme | Dewey Decimal Classification |
| Koha item type | كتب |
| حالة السحب | حالة الفقدان | مصدر التصنيف | حالة التلف | غير قابل للإعارة | المكتبة الرئيسية | المكتبة الحالية | موقع الرف | تاريخ التزويد | الرقم المتسلسل | Total Checkouts | رقم الإستدعاء | الباركود | تاريخ آخر ظهور | تاريخ الفاتورة | نوع المادة (كوها) |
|---|---|---|---|---|---|---|---|---|---|---|---|---|---|---|---|
| Dewey Decimal Classification | المكتبة المركزية | المكتبة المركزية | الأطفال | 28/07/2025 | 1009395 | ط/219.4/عرف | 1009395 | 28/07/2025 | 28/07/2025 | كتب | |||||
| Dewey Decimal Classification | المكتبة المركزية | المكتبة المركزية | الأطفال | 28/07/2025 | 1009425 | ط/219.4/عرف | 1009425 | 28/07/2025 | 28/07/2025 | كتب | |||||
| Dewey Decimal Classification | مكتبة قتيبة للأطفال | مكتبة قتيبة للأطفال | الأطفال | 07/11/2017 | 1666117 | ط/219.4/عرف | PLD00409340 | 28/07/2025 | 07/11/2017 | كتب | |||||
| Dewey Decimal Classification | مكتبة أم قصير والمقابلين العامة | مكتبة أم قصير والمقابلين العامة | الأطفال | 16/10/2014 | 434084 | ط/219.4/عرف | PLD00351191 | 28/07/2025 | 16/10/2014 | كتب | |||||
| Dewey Decimal Classification | مكتبة الأميرة ايمان العامة | مكتبة الأميرة ايمان العامة | الأطفال | 10/12/2013 | 433964 | ط/219.4/عرف | PLD00290314 | 28/07/2025 | 10/12/2013 | كتب | |||||
| Dewey Decimal Classification | مكتبة حمزة العامة | مكتبة حمزة العامة | الأطفال | 07/06/2008 | 434054 | ط/219.4/عرف | PLD00018502 | 28/07/2025 | 07/06/2008 | كتب | |||||
| Dewey Decimal Classification | مكتبة صويلح العامة | مكتبة صويلح العامة | الأطفال | 28/07/2025 | 433979 | ط/219.4/عرف | 433979 | 28/07/2025 | 28/07/2025 | كتب |